Quizzes
Events
Quiz Creation
Community
Videos
Private Events
Remove Ads
Sign In
Join for FREE
Feedback
Dark Mode
Quiz Categories
Sports
Geography
Music
Movies
Television
Just For Fun
Miscellaneous
History
Literature
Language
Science
Gaming
Entertainment
Religion
Holiday
For Kids
Quiz Lab
Recent
Popular Today
Quiz Kudos Today
Editor Picks
Curator Picks
Quizzes by...
Day
Popularity
Type
Ratings
Length
Year
Community
Subscriptions
Recent Discussions
Orange Saloon
Badges
Playlists
Quests
Create
Leaderboards
Showdown
Live 5
Trivia Bingo
Activity
Puzzle Library
Sporcle Events
Private Events
Virtual Trivia
Globe League
Become a Host
Pub Owners
SporcleCon
Opinionation
Our Games
Videos
Blog
Mobile Apps
Partnerships
Remove Ads and Go Orange
Feedback
Music
Pop Music
The Beatles
Song
Album
Lyrics
Bands
Singers
Artist
Clip
Rock
Rap
Classical
Billboard
Country Music
Kpop
Taylor Swift
Music
Pop Music
The Beatles
Song
Album
Lyrics
Bands
Singers
Artist
Clip
Rock
Rap
Classical
Billboard
Country Music
Kpop
Taylor Swift
Random Quiz
Search Sporcle
×
Quiz Lab
Quiz Lab
Music
Album
Type in answers that appear in a list
Type in answers that appear in a list
Classic
Best Score? Go Orange.
AcclaimedMusic.net Top 100 Artists Stats
Can you name the AcclaimedMusic.com Top 100 Artists?
By
Landstander
20m
100 Questions
981 Plays
981 Plays
981 Plays
Comments
Comments
Give Quiz Kudos
Give Quiz Kudos
-
- Ratings
hide this ad
More Info
Replay
Link that replays current quiz
Next Quiz
Link to next quiz in quiz playlist
You Got
0%
They Got
Avg Score
65%
Avg Friend Score
Upgrade to see
Score Distribution
Jump to the score distribution portion of the page
Score
0/100
Timer
20:00
0
Plays Today
Most Acclaimed Album
Artist
% Correct
Revolver
The Beatles
98.3%
Exile on Main St
The Rolling Stones
98%
Thriller
Michael Jackson
97.4%
[Name] IV
Led Zeppelin
95.1%
Nevermind
Nirvana
94.8%
Like a Prayer
Madonna
94.7%
Born to Run
Bruce Springsteen
94%
Who's Next
The Who
92.7%
Are You Experienced?
Jimi Hendrix
92.3%
Back in Black
AC/DC
92.2%
At Folsom Prison
Johnny Cash
91.8%
Blonde on Blonde
Bob Dylan
91.6%
[Name]|
Plastic Ono Band
John Lennon
91.6%
Pet Sounds
The Beach Boys
90.9%
Master of Puppets
Metallica
90%
The Marshall Mathers LP
Eminem
89.9%
Automatic for the People
REM
89.8%
Goodbye Yellow Brick Road
Elton John
89.8%
The Joshua Tree
U2
89.7%
[Self-
Titled]
Elvis Presley
88.6%
OK Computer
Radiohead
88.2%
The Rise and Fall of Ziggy Stardust and the Spiders from Mars
David Bowie
88%
I Never Loved a Man the Way I Love You
Aretha Franklin
87.7%
Appetite for Destruction
Guns N' Roses
86.8%
What's Going On
Marvin Gaye
86.5%
Never Mind the Bollocks -
Here's [Name]
Sex Pistols
85.7%
London Calling
The Clash
85.6%
The Dark Side of the Moon
Pink Floyd
85.2%
Elephant
The White Stripes
85.1%
Synchronicity
The Police
85%
Natty Dread
Bob Marley and the Wailers
84.6%
[Self-
Titled]
The Doors
84.2%
Stankonia
OutKast
83.9%
Sign 'O' the Times
Prince
83.2%
Most Acclaimed Album
Artist
% Correct
Bridge Over Troubled Water
Simon and Garfunkel
81.9%
Innervisions
Stevie Wonder
80.9%
[Self-
Titled]
The Ramones
79.5%
Odelay
Beck
79.4%
Astral Weeks
Van Morrison
78.9%
Rumours
Fleetwood Mac
76.9%
[Name] Are the Village Green Preservation Society
The Kinks
75.3%
[Name] Is On Top
Chuck Berry
75.3%
Paul's Boutique
Beastie Boys
74%
Paranoid
Black Sabbath
73.6%
(What's the Story) Morning Glory?
Oasis
73.5%
Raising Hell
Run-D.M.C.
73.1%
Cosmo's Factory
Creedence Clearwater Revival
72.4%
[Name] Blue|
[Name] Sings Soul
Otis Redding
71.6%
After the Gold Rush
Neil Young
68.8%
'Live' at the Apollo
James Brown
68.8%
Parklife
Blur
68.4%
Here's [Name]
Little Richard
66.4%
It Takes a Nation of Millions to Hold Us Back
Public Enemy
66.3%
[Name] & Nico
The Velvet Underground
63.7%
Transformer
Lou Reed
63%
Call Me
Al Green
61.5%
Horses
Patti Smith
61.3%
The 'Chirping' Crickets
Buddy Holly and The Crickets
61.3%
Sweetheart of the Rodeo
The Byrds
58.8%
Modern Sounds in Country and Western Music
Ray Charles
57.6%
[Self-
Titled]
The Band
56.9%
Disintegration
The Cure
55.3%
There's a Riot Goin' On
Sly and the Family Stone
55.2%
Remain in Light
Talking Heads
54.2%
The Queen is Dead
The Smiths
54%
This Year's Model
Elvis Costello
53.9%
Closer
Joy Division
53.5%
In the Wee Small Hours
Frank Sinatra
51.2%
Most Acclaimed Album
Artist
% Correct
Kind of Blue
Miles Davis
51.1%
Doolittle
Pixies
49.9%
Electric Warrior
T. Rex
49.4%
Yankee Hotel Foxtrot
Wilco
49.2%
Live at the Harlem Square Club, 1963
Sam Cooke
48.1%
Pretzel Logic
Steely Dan
47.9%
Technique
New Order
46.3%
Fun House
The Stooges
46.2%
Behaviour
Pet Shop Boys
45.8%
Trans-
Europa Express
Kraftwerk
44.1%
Blue
Joni Mitchell
43.6%
Daydream Nation
Sonic Youth
42.3%
All Mod Cons
The Jam
40.1%
Different Class
Pulp
39.3%
A Love Supreme
John Coltrane
37%
Hot Rats
Frank Zappa and the Mothers of Invention
35%
American Beauty
Grateful Dead
34.4%
Blue Lines
Massive Attack
32.9%
Slanted and Enchanted
Pavement
32.8%
Dummy
Portishead
32.8%
Debut
Björk
32.4%
Trout Mask Replica
Captain Beefheart and His Magic Band
32%
Mothership Connection
Parliament/Funkadelic
31.3%
Screamadelica
Primal Scream
31.1%
Sword-
fish-
trom-
bones
Tom Waits
30.3%
Sound of Silver
LCD Soundsystem
30.1%
For Your Pleasure
Roxy Music
28.1%
Songs of [Name]
Leonard Cohen
26.5%
Five Leaves Left
Nick Drake
26.1%
To Bring You My Love
PJ Harvey
23.2%
The Boatman's Call
Nick Cave
22.1%
My Life in the Bush of Ghosts
Brian Eno
21.9%
Quiz Playlist
Details
Report
Send in Message
Add To Playlist
More Info:
*[Name] indicates use of the band/artist's name within the album title. *The most acclaimed songs are not necessarily on the most acclaimed album.
Classic:
Type in answers that appear in a list
Quiz Source
Last Updated: Feb 16, 2017
Quiz Scoreboard
CHALLENGE
Sign Up to Join the Scoreboard
Show All
Scores
Hide
Comments
May contain spoilers
Recently Published
1-10 Letter E Words III
by El_Dandy
Language
2m
One Thing in Common: World Cities II
by knightlancer
Geography
7m
Popular People in 1961
by mucciniale
History
6m
More to Explore
Quiz From the Vault
Featured Blog Post
Where Did the Easter Bunny Come From?
hide this ad
You Might Also Like...
Tags
Album Quiz
Artist Quiz
Song Quiz
100
Acclaimed
Top 100
Today's Top Quizzes in Music
Browse Music
hide this ad
Today's Top Quizzes in Album
Browse Album
Top Contributed Quizzes in Music
1
Taylor Swift All Songs (2024)
2
2010s Album by Cover III
3
Taylor Swift Logic Puzzle
4
One Thing in Common: Music
5
Guess the Artist- 70s Songs
6
Guess the Taylor Swift song (Mystery Song)
7
2010s Album by Cover V
8
2010s Album by Cover IV
9
Lana Del Rey Discography (BTD to DYKTTATUOB)
10
KPOP LOGIC QUIZ
Explore More
Trending Topics
Anime
Kpop
Disney
Marvel
Harry Potter
NBA
Crossword
The Office
Puzzle
Song
WWE
Pokémon
Soccer
Country
NFL
hide this ad
More By:
Landstander
Quiz
Plays
Rating
Category
Featured
Created
Almost Useless Movie Trivia VII
104,686
4.47
Movies
Dec 15, 2009
Sopranos Episodes
5,265
4.20
Television
Oct 4, 2009
WWE Royal Rumble Kane Eliminations
3,768
3.31
Sports
Oct 14, 2009
They Shoot Pictures Top 100
1,218
3.29
Movies
Oct 4, 2009
Santino Marella wins in WWE
1,013
3.00
Entertainment
Dec 27, 2009
Go to Creator's Profile
Score Distribution
Quiz Creator Spotlight
Landstander
Follow
Send a Message
Quizzes Created
-
Created Quiz Play Count
-
More By This Creator
Popular Quizzes Today
1
Find the US States - No Outlines Minefield
2
The Countries of the World
3
Find the Countries of Europe - No Outlines Minefield
4
Popular People in 1961
5
1-10 Letter E Words III
6
Find the US States
7
One Thing in Common: World Cities II
8
US States
More Music Quizzes
Figure Out the Lyrics: Taylor Swift III
Quiz Lab
Trending Quizzes
Risky Map Clicking: Least Populous States A-Z
1-10 Letter F Words
1-10 Letter G Words
One Thing in Common: United Kingdom
Risky Map Clicking: Next State Alphabetically
Recently Updated
Leaping Animals
pecheneg
Reality TV Shows (A-Z)
bhenderson79
Rickey Henderson's Hall of Fame Teammates
pecheneg
Champions League XIs: Arsenal
pecheneg
Quick Pick: Celebrities in WWE's Hall of Fame
aduchscher
A-Z Keypad Blitz II
pecheneg
Multiple Oscar Actors
pecheneg
Mystery Phrase Blitz: Oscar 'Best Actors'
pecheneg
F. Scott Fitzgerald Novels
LTH
Pick 3 Villains
ddd62291
Trending Topics
NBA
Harry Potter
Crossword
Kpop
Marvel
Anime
Disney
WWE
NFL
Puzzle
The Office
Soccer
Song
Country
Pokémon
Your Account Isn't Verified!
In order to create a playlist on Sporcle, you need to verify the email address you used during registration. Go to your
Sporcle Settings
to finish the process.
Report this User
Report this user for behavior that violates our
Community Guidelines
.
Details:
Send Report
Go to the Sporcle.com Mobile Site →
Comments